| 000 | 01375nam a22003377a 4500 | ||
|---|---|---|---|
| 001 | BR8103111 | ||
| 003 | BR-BrBNA | ||
| 005 | 20230928090953.0 | ||
| 007 | ta | ||
| 008 | 230509b bl.||||| |||| 00| 0 por d | ||
| 040 |
_aBR-BrBNA _bpor _cBiblioteca Nacional de Agricultura |
||
| 041 | _a(Por) | ||
| 072 |
_aL30; L36 _b1959 _b3730 _b3755 _b/G514 |
||
| 090 | _ 1959 BR8103111 | ||
| 100 | 1 | _aMorais, M. da G. (Fundacao de Ensino e Tecnologia de Alfenas, MG (Brazil)) | |
| 110 | 1 |
_aUniversidade Federal de Minas Gerais, Belo Horizonte (Brasil). Escola de Veterinaria _0Tese (Mestrado em Zootecnia) |
|
| 245 | 1 | _aEfeito de quatro periodos de diferimentos sobre a produtividade e valor nutritivo da soja perene (Glycine wightii)cv Tinaroo [Proteina; Vitamina; Digestibilidade] | |
| 246 | 1 | _a[Effect of four deferment periodos on the productiveness and nutritious value of perennial soybean (Glycine wightii)cv Tinardo [Protein; Vitamin; Digestibility]] | |
| 260 | 3 |
_aBelo Horizonte, MG (Brasil): _c1981. |
|
| 300 | _a142 p. | ||
| 500 | _a40 tables; 8 graphs; Bibliography p. 94-102 (52 ref.); Summaries (Eng, Por) | ||
| 650 | _aNutricao animal | ||
| 650 | _aSoja perene | ||
| 650 | _aProteina | ||
| 650 | _aVitamina | ||
| 650 | _aMateria seca | ||
| 650 | _aValor nutritivo | ||
| 650 | _aDigestibilidade | ||
| 909 |
_a202309 _bLucia _c55 _dLucia Elande |
||
| 942 | _cBK | ||
| 999 |
_c31523 _d31523 |
||